Diagnóstico roentgenológico de las enfermedades internas / (Record no. 26241)

MARC details
000 -LEADER
campo de control de longitud fija 00742nam a2200193 i 4500
001 - NÚMERO DE CONTROL
campo de control 26241
003 - IDENTIFICADOR DE NÚMERO DE CONTROL
campo de control ES-MaACL
005 - FECHA Y HORA DE LA ÚLTIMA TRANSACCIÓN
campo de control 20230906153417.0
007 - CAMPO FIJO DE DESCRIPCIÓN FÍSICA--INFORMACIÓN GENERAL
campo de control de longitud fija t|
008 - DATOS DE LONGITUD FIJA--INFORMACIÓN GENERAL
campo de control de longitud fija 030108s1952 sp ||||1| spa d
100 1# - ENTRADA PRINCIPAL--NOMBRE DE PERSONA
Nombre de persona Assmann, Herbert.
9 (RLIN) 23658
245 10 - MENCIÓN DEL TÍTULO
Título Diagnóstico roentgenológico de las enfermedades internas /
Mención de responsabilidad, etc. por Herbert Assmann ; traducción de la sexta edición alemana por José M. Plá Janini... ; revisada por Vicente Casulla Riera...
250 ## - MENCION DE EDICION
Mención de edición 2ª ed.
260 ## - PUBLICACIÓN, DISTRIBUCIÓN, ETC.
Lugar de publicación, distribución, etc. Barcelona, etc :
Nombre del editor, distribuidor, etc. Labor,
Fecha de publicación, distribución, etc. 1952 (
Fabricante Talls. Gráfs. Iberoamericanos)
300 ## - DESCRIPCIÓN FÍSICA
Extensión 2 t., 15 lám. :
Otras características físicas il. ;
Dimensiones 26 cm.
700 1# - ENTRADA AGREGADA--NOMBRE PERSONAL
Nombre de persona Pla Janini, José María.
9 (RLIN) 92495
700 1# - ENTRADA AGREGADA--NOMBRE PERSONAL
Nombre de persona Casulla Riera, Vicente.
9 (RLIN) 36998
852 ## - LOCALIZACIÓN
Ubicación ES-MaACL
Número de control de estantería D-7318-19
Sublocalización o colección R.32371
Holdings
Estatus retirado Estado de pérdida Estado de daño No para préstamo Biblioteca de origen Biblioteca actual Ubicación en estantería Fecha de adquisición Fuente de adquisición Total de préstamos Signatura topográfica completa Código de barras Visto por última vez Precio de reemplazo Tipo de ítem Koha
        Biblioteca del Ateneo de Madrid Biblioteca del Ateneo de Madrid Sala Valle Inclán 17/01/2008     D-7318-19 901027081 23/02/2023 23/02/2023 Libro impreso